000 01155nam a22002297a 4500
003 OSt
005 20241122112341.0
008 241122b |||||||| |||| 00| 0 eng d
022 _20855-305-X
040 _cCentral University Library
050 _aKRX18
_b.A2S87 2005
110 _aRepublic of Ghana
245 _aThe Supreme Court of Ghana Law Reports 2003 and 2004 :
_cConsulting Editor/Editor in Chief: Dr. S Y Bimpong-Buta, Assistant; Albert Adaare; Herbert A. Bruce-Thompson
_bVolume 2 /
260 _aAccra, Ghana
_bAdvanced Legal Publications
_c2005
300 _axv, 1307 pages
_c25 cm
500 _aCases determined by the Supreme Court of the Republic of Ghana
650 _2Law Reports
_xGhana
700 _aDr. S Y Bimpong-Buta, FGA, LLB (Ghana), LLM (Lond), LLD (Unisa), of Lincoln's Inn. Barrister and Solicitor of the Supreme Court of Ghana.
_eConsulting Editor/ Editor-in-Chief
700 _aAlbert Adaare, Bsc (Hons) Barrister and Solicitor of the Supreme Court of Ghana
_eAssistant Editor
700 _aHerbert A. Bruce-Thompson, BA (Hons) Barrister and Solicitor of the Supreme Court of Ghana
_eAssistant Editor
942 _2lcc
_cBK
_n0
999 _c1422
_d1422